00373pab a2200133 454500008004000000100001900040245008300059260000900142300001300151362001100164650002700175650002200202773001500224180718b2013 xxu||||| |||| 00| 0 eng d aMarla, Soma S. aJawaharlal Nehru - builder of modern science and promoter of scientific temper c2013 ap.11-12. a16 Nov aScience and technology aNehru, Jawaharlal aMainstream